Представление документа в формате RUSMARC

ПолеНазваниеЗначение
  Тип записи a
  Библиографический уровень m
001 Контрольный номер RU/УОНБ/EK/562264883
005 Дата корректировки 20250520122820.9
010 Индекс ISBN __
d Цена 2 р. 90 к.
9 Тираж 30000 экз.
b Уточнения в пер.
100 Данные общей обработки __
a Данные общей обработки 20171025d1985 u y0rusy0189||||ca
101 Язык документа 0_
a Язык текста rus
102 Страна публикации __
a Страна публикации RU
105 Кодированные данные (монография) __
a Кодированные данные (монография) a z 001yy
200 Заглавие и сведения об ответственности 1_
a Заглавие Константин Степанович Мельников
e Сведения, относящиеся к заглавию архитектор. Сборник
f Первые сведения об ответственности сост. и примеч. А.А. Стригалева, И.В. Коккинаки
g Последующие сведения об ответственности вступ. ст. А.А. Стригалева
g Последующие сведения об ответственности предисл. А.В. Иконникова
210 Выходные данные 1_
a Место издания Москва
c Издательство Искусство
d Дата издания 1985
215 Физическое описание __
a Объем 311 с.
c Иллюстрации/тип воспроизводства ил., 49 л. ил.,цв. ил.
d Формат 22 см
225 Серия 1_
a Серия Мир художника
320 Библиография __
a Библиография Библиогр.: с. 257-298
606 Тематические рубрики 0_
a Основная рубрика Русская советская архитектура
610 Ключевые слова 0_
a Ключевые слова архитектура русская
686 Индексы других классификаций __
a Классификационный индекс 85.113(2)6-8
2 Код системы rubbk
702 Вторичная интеллектуальная ответственность _1
a Фамилия Стригалев
b Имя (инициалы) А.А.
4 Код отношения 080
4 Код отношения 220
702 Вторичная интеллектуальная ответственность _1
a Фамилия Коккинаки
b Имя (инициалы) И.В.
4 Код отношения 080
4 Код отношения 220
702 Вторичная интеллектуальная ответственность _1
a Фамилия Стригалев
b Имя (инициалы) А.А.
4 Код отношения 080
702 Вторичная интеллектуальная ответственность _1
a Фамилия Иконников
b Имя (инициалы) А.В.
4 Код отношения 080
801 Источник записи _0
a Страна RU
b Организация Ульяновская ОНБ
c Дата составления 20171025
g Правила каталогизации RCR
801 Источник записи _1
a Страна RU
b Организация Ульяновская ОНБ
c Дата составления 20171025
g Правила каталогизации RCR
901 Тип документа __
t Тип документа m
909 Создатель записи __
a Создатель записи Милешина
938 Служебная информация __
a Имя БД retro
b Имя библиотеки УОНБ
c Имя АИБС МАРК-SQL
d Номер DOC_ID в БД 232598